| 000 | 00928cam a22002535a 4500 | ||
|---|---|---|---|
| 008 | 161101b xxu||||| |||| 00| 0 eng d | ||
| 020 | _a9780195559101 | ||
| 040 |
_beng _dEG-ScBUE |
||
| 082 | 0 | 4 |
_a659.2 _222 _bPUB |
| 245 | 0 | 0 |
_aPublic relations campaigns / _cedited by Mark Sheehan and Robina Xavier. |
| 250 | _a1st ed. | ||
| 260 |
_aSouth Melbourne, Vic. ; _aNew York : _bOxford University Press Australia & New Zealand, _c2009. |
||
| 300 |
_axii, 240 p. : _bill. ; _c25 cm. |
||
| 504 | _aIncludes bibliographical references and index. | ||
| 590 | _ashima | ||
| 650 | 7 |
_aPublic relations. _2BUEsh |
|
| 651 | _2BUEsh | ||
| 653 |
_bCOMAME _cNovember2016 |
||
| 700 | 1 | _aSheehan, Mark. | |
| 700 | 1 | _aXavier, Robina. | |
| 906 |
_a7 _bcbc _ccopycat _d2 _encip _f20 _gy-gencatlg |
||
| 942 | _2ddc | ||
| 999 |
_c22982 _d22954 |
||